El derecho de los jueces : (Registro nro. 5781)

Detalles MARC
000 -LEADER
fixed length control field 01660nam a2200313Ia 4500
003 - CONTROL NUMBER IDENTIFIER
control field OSt
005 - DATE AND TIME OF LATEST TRANSACTION
control field 20200821234500.0
008 - FIXED-LENGTH DATA ELEMENTS--GENERAL INFORMATION
fixed length control field 191128s2006 ck fr 001 0dspa d
020 ## - INTERNATIONAL STANDARD BOOK NUMBER
International Standard Book Number 9586534928
040 ## - CATALOGING SOURCE
Original cataloging agency CO-JMCR
Transcribing agency CO-JMCR
041 0# - LANGUAGE CODE
Language code of text/sound track or separate title spa
082 04 - DEWEY DECIMAL CLASSIFICATION NUMBER
Classification number 347.014 /
Item number L864d
Edition number 23
100 1# - MAIN ENTRY--PERSONAL NAME
Personal name López Medina, Diego Eduardo,
Relator term autor
9 (RLIN) 9098
245 13 - TITLE STATEMENT
Title El derecho de los jueces :
Remainder of title obligatoriedad del precedente constitucional, análisis de sentencias y líneas jurisprudenciales y teoría del derecho judicial /
Statement of responsibility, etc. Diego Eduardo López Medina
250 ## - EDITION STATEMENT
Edition statement Segunda edición
260 ## - PUBLICATION, DISTRIBUTION, ETC.
Place of publication, distribution, etc. Bogotá :
Name of publisher, distributor, etc. Universidad de los Andes : Legis,
Date of publication, distribution, etc. 2006
300 ## - PHYSICAL DESCRIPTION
Extent xxvi, 366 páginas ;
Dimensions 24 cm.
500 ## - GENERAL NOTE
General note Incluye datos biográficos del autor e índice analítico al final del texto.
504 ## - BIBLIOGRAPHY, ETC. NOTE
Bibliography, etc. note Bibliografía: páginas 351-366
505 0# - FORMATTED CONTENTS NOTE
Formatted contents note Precedente judicial en Colombia -- La lucha legislativa y judicial por el control las fuentes del derecho (1992-2000) --Desarrollos recientes en el sistema de precedentes en Colombia (2001-2006) -- Precedente vinculante vs jurisprudencia indicativa
520 3# - SUMMARY, ETC.
Summary, etc. El derecho de los jueces, obra ya clásica de la literatura jurídica colombiana, ofrece en esta segunda edición una sustancial revisión de su contenido y estructura. El libro, que ahora presenta varios capítulos nuevos.
650 14 - SUBJECT ADDED ENTRY--TOPICAL TERM
Topical term or geographic name entry element Jueces
Geographic subdivision Colombia
9 (RLIN) 9099
650 14 - SUBJECT ADDED ENTRY--TOPICAL TERM
Topical term or geographic name entry element Función judicial
Geographic subdivision Colombia
9 (RLIN) 9100
650 14 - SUBJECT ADDED ENTRY--TOPICAL TERM
Topical term or geographic name entry element Separación de poderes
Geographic subdivision Colombia
9 (RLIN) 9101
650 14 - SUBJECT ADDED ENTRY--TOPICAL TERM
Topical term or geographic name entry element Tribunales constitucionales
Geographic subdivision Colombia
9 (RLIN) 9102
650 14 - SUBJECT ADDED ENTRY--TOPICAL TERM
Topical term or geographic name entry element Jurisprudencia
Geographic subdivision Colombia
9 (RLIN) 8606
650 14 - SUBJECT ADDED ENTRY--TOPICAL TERM
Topical term or geographic name entry element Legislación judicial
Geographic subdivision Colombia
9 (RLIN) 9103
942 ## - ADDED ENTRY ELEMENTS (KOHA)
Source of classification or shelving scheme Dewey Decimal Classification
Koha item type Books
Existencias
Withdrawn status Lost status Source of classification or shelving scheme Damaged status Not for loan Collection code Home library Current library Date acquired Source of acquisition Total Checkouts Total Renewals Full call number Barcode Date last seen Date last checked out Copy number Koha item type
    Dewey Decimal Classification     Non-fiction Biblioteca Pública José María del Castillo y Rada Biblioteca Pública José María del Castillo y Rada 12/01/2017 Donación 6 3 347.014 / L864d 430009155 10/20/2025 09/25/2025 Ej.1 Books